Srbi si zaslúžia podporu

Bibliographic Details
Main Author: Daniška, Jaroslav, 1977- (Author)
Format: Article
Language:Slovak
Subjects:

MARC

LEADER 00000nab a2200000 ar4500
001 vtls008952359
003 SK-MaSNL
005 20260304181800.0
008 070306c20070214xo dr|p|||||||000 b|slo
015 |a SNBRB2007/03  |2 snkbucl 
040 |a SNKBUCL  |b slo  |c SNKBUCL  |e AACR2 
041 0 |a slo 
044 |a xo  |c SK 
080 |a 327  |x (437.6:497.11)  |2 2001 
080 |a 323  |x (497.115)  |2 2001 
100 1 |a Daniška, Jaroslav,  |d 1977-  |4 aut  |9 12499 
245 1 0 |a Srbi si zaslúžia podporu  |c Jaroslav Daniška 
300 |b Fotogr. 
500 |a Od 15.1.2007 návrat k pôvodnému vročeniu 
650 0 7 |a zahraničná politika  |2 snkbucl  |9 971 
650 0 7 |a bilaterálne vzťahy  |2 snkbucl  |9 84138 
651 7 |a Srbsko  |2 snkbucl  |9 31535 
651 7 |a Slovensko  |2 snkbucl 
773 0 |t Sme  |g Roč. 15, č. 37 (14.2.2007), s. 35  |x 1335-440X 
852 |a SNK  |b KIS3GCP 
958 |a RS 
958 |a SK 
999 |c 3025921  |d 3027851